Normal view
MARC view
- FLIGHT AERODYNAMICS SPACE FLIGHT AIRPLANE DESIGN AND CONSTRUCTION
Entry Topical Term
001 - CONTROL NUMBER
- control field: 76153
003 - CONTROL NUMBER IDENTIFIER
- control field: NUST
005 - DATE AND TIME OF LATEST TRANSACTION
- control field: 20210628205605.0
008 - FIXED-LENGTH DATA ELEMENTS
- fixed length control field: 210628|| aca||aabn | a|a d
040 ## - CATALOGING SOURCE
- Original cataloging agency: NUST
- Transcribing agency: NUST
150 ## - HEADING--TOPICAL TERM
- Topical term or geographic name entry element: FLIGHT AERODYNAMICS SPACE FLIGHT AIRPLANE DESIGN AND CONSTRUCTION
670 ## - SOURCE DATA FOUND
- Source citation: Work cat.: (NUST): ANDERSON, JOHN D 1520, INTRODUCTION TO FLIGHT ITS ENGINEERING AND HISTORY, 1978
